Cómo cuidar un ángel (Registro nro. 39841)

Detalles MARC
000 -ENCABEZADO
Número de control [NR] 01016nam a2200265Ia 4500
005 - FECHA Y HORA DE LA ÚLTIMA TRANSACCIÓN
control field 20211110133607.0
008 - DE LONGITUD FIJA DE DATOS DE ELEMENTOS - INFORMACIÓN GENERAL
Elementos de longitud fija [NR] 130821s2008 mx a gr spa
020 ## - NUMERO INTERNACIONAL NORMALIZADO PARA LIBROS [R]
Número Internacional Normalizado del libro [NR] 9789681686024
040 ## - FUENTE DE CATALOGACION [NR]
Agencia de catalogación original [NR] CO-BoUCM
Quien Cataloga Luz Cupitra (modificó)
Quien Clasifica Diana Londoño (modificó)
Idioma de catalogación [NR] spa
041 00 - CODIGO DE IDIOMA [R]
Código de idioma para texto/pista de sonido o título separado [R] Español
100 1# - ASIENTO PRINCIPAL--NOMBRE PERSONAL [NR]
Nombre personal [NR] Nakagawa, Chihiro
ID Autoridad 30127
245 10 - MENCION DE TITULO [NR]
Título [NR] Cómo cuidar un ángel
Mención de responsabilidad, etc. [NR] Chihiro Nakagawa ; traducción del japonés Jaime Barrera Parra.
260 ## - PUBLICACION, DISTRIBUCION, ETC. (PIE DE IMPRENTA) [R]
Lugar de publicación, distribución, etc. [R] México D.F. (México)
Nombre del editor, distribuidor, etc. [R] Fondo de cultura económica
Fecha de publicación, distribución, etc. [R] 2008
300 ## - DESCRIPCION FISICA [R]
Extensión [R] [94] páginas
Otros detalles físicos [NR] ilustraciones
490 ## - MENCION DE SERIE [R]
Mención de serie [R] a la orilla del viento
Designación numérica/secuencial del volumen [NR] 196
538 ## - NOTA DE DETALLES DEL SISTEMA [R]
Nota de detalles del sistema [NR] IX Premio del Libro Ilustrado Japonés.
650 04 - ASIENTO SECUNDARIO DE MATERIA - TERMINO TEMATICO [R]
Término temático o nombre geográfico como elemento de entrada [NR] Cuentos infantiles
9 (RLIN) 12283
650 04 - ASIENTO SECUNDARIO DE MATERIA - TERMINO TEMATICO [R]
Término temático o nombre geográfico como elemento de entrada [NR] Libros ilustrados para niños
9 (RLIN) 18516
650 04 - ASIENTO SECUNDARIO DE MATERIA - TERMINO TEMATICO [R]
Término temático o nombre geográfico como elemento de entrada [NR] Literatura infantil
9 (RLIN) 18680
650 04 - ASIENTO SECUNDARIO DE MATERIA - TERMINO TEMATICO [R]
Término temático o nombre geográfico como elemento de entrada [NR] Literatura japonesa
9 (RLIN) 18695
650 04 - ASIENTO SECUNDARIO DE MATERIA - TERMINO TEMATICO [R]
Término temático o nombre geográfico como elemento de entrada [NR] Literatura oriental
9 (RLIN) 18717
700 1# - ASIENTO SECUNDARIO - NOMBRE PERSONAL [R]
Nombre personal [NR] Barrera Parra, Jaime
Término de relación [R] traductor
9 (RLIN) 30128
942 ## - ELEMENTOS DE ENTRADA AGREGADOS (KOHA)
Tipo de ítem principal el descrito en 300a Libro
Tema principal Literatura
Edición 1
Parte restante de la signatura top. N163c
Sistema de clasificación DEWEY
Clasificación 895.65
Título oculto en OPAC No
Existencias
Fecha de último préstamo Total préstamos Total Renewals Signatura topográfica Código de barras Última vez visto Ejemplar Price effective from Tipo de ítem Nota pública (OPAC) Perdido Sistema de clasificación Dañado No prestable Tipo de ítem específico Suprimido Ubicación habitual Ubicación actual Localización Fecha de creación Forma de adquisición Costo
17/10/2017 7 3 895.65 N163c 200024020 11/12/2025 Ej.1 03/02/2013 Libro Spot Literatura Infantil   DEWEY     Libro   Quinta de Mutis Quinta de Mutis Mezanecs 28/02/2013 Compra 10000.00